Ejercicios para la reeducación de dislexias: 2§ nivel método para un buen aprendizaje de lectura y escritura

Uloženo v:
Podrobná bibliografie
Hlavní autoři: Bandres, María Pilar (Autor), Sabater, María Luisa (Autor)
Médium: Kniha
Jazyk:španělština
Vydáno: Madrid Escuela Española 1980
Vydání:2a. ed
Témata:
Tagy: Přidat tag
Žádné tagy, Buďte první, kdo vytvoří štítek k tomuto záznamu!

MARC

LEADER 00000nam a2200000 a 4500
001 UCY8845
003 CL-VaPUC
008 950707e19800000SP |||||||||||||||||spa|d
082 0 4 |a 371.914  |b BAN  |2 21 
100 0 |a Bandres, María Pilar  |e author  |9 340561 
700 0 |a Sabater, María Luisa  |e author  |9 340562 
245 1 0 |a Ejercicios para la reeducación de dislexias: 2§ nivel método para un buen aprendizaje de lectura y escritura 
250 |a 2a. ed 
300 |a 288 p 
942 |c BK 
945 |d 19950707 00:00:00  |a mfernand 
260 |a Madrid  |b Escuela Española  |c 1980 
650 0 |a Educación especial  |9 307486 
650 0 |a Dislexia  |9 307487 
650 7 |a DISLEXICOS  |2 CL-VaPUC  |9 340563 
583 |a last modification  |c 19950707 00:00:00  |k Rodrigo Vera 
999 |c 236032  |d 236030 
952 |0 0  |1 0  |4 0  |6 371_914000000000000_BAN_1980  |7 0  |8 P  |9 243848  |a BIBEDU  |b BIBEDU  |c BIBEDU_PB  |d 2019-11-18  |i 1530577  |o 371.914 BAN 1980  |p 1530577  |r 2024-01-25  |w 2019-11-18  |y BK  |k EDU